书目信息 |
| 题名: |
薪酬管理
|
|
| 作者: | 葛玉辉 主编 | |
| 分册: | ||
| 出版信息: | 北京 电子工业出版社 2021.06 |
|
| 页数: | X, 248页 | |
| 开本: | 26cm | |
| 丛书名: | “十三五”全国高等院校人力资源管理系列规划教材 | |
| 单 册: | ||
| 中图分类: | F272.923 | |
| 科图分类: | ||
| 主题词: | 企业管理--qi ye guan li--工资管理--高等学校--教材 | |
| 电子资源: | ||
| ISBN: | 978-7-121-40572-3 | |
| 000 | 01219nam 2200277 450 | |
| 001 | CAL 0120217135318 | |
| 005 | 20210331111148.4 | |
| 010 | @a978-7-121-40572-3@dCNY58.00 | |
| 100 | @a20210331d2021 em y0chiy0120 ea | |
| 101 | 0 | @achi |
| 102 | @aCN@b110000 | |
| 105 | @aa a 000yy | |
| 106 | @ar | |
| 200 | 1 | @a薪酬管理@Axin chou guan li@d= Compensation management@f葛玉辉主编@zeng |
| 210 | @a北京@c电子工业出版社@d2021.06 | |
| 215 | @aX, 248页@c图@d26cm | |
| 225 | 2 | @a“十三五”全国高等院校人力资源管理系列规划教材@A“ shi san wu ” quan guo gao deng yuan xiao ren li zi yuan guan li xi lie gui hua jiao cai |
| 320 | @a有书目 | |
| 330 | @a本书将理论知识与实践案例紧密结合, 每章起始明确教学目标、学习目标、关键术语并有引导案例, 中间内容穿插了大量图、表与相关案例, 结尾进行小结, 设有案例分析与实践环节, 力求在体系结构上体系新颖性和系统性, 在内容上体现可读性和实用性。全书预计30万字。 | |
| 410 | 0 | @12001 @a“十三五”全国高等院校人力资源管理系列规划教材 |
| 510 | 1 | @aCompensation management@zeng |
| 606 | 0 | @a企业管理@Aqi ye guan li@x工资管理@x高等学校@j教材 |
| 690 | @aF272.923@v5 | |
| 701 | 0 | @a葛玉辉@Age yu hui@4主编 |
| 801 | 0 | @aCN@b人天书店@c20210331 |
| 905 | @aTSG@b0001290@dF272.923@eG317@f2 | |
| 薪酬管理= Compensation management/葛玉辉主编.-北京:电子工业出版社,2021.06 |
| X, 248页:图;26cm.-(“十三五”全国高等院校人力资源管理系列规划教材) |
| ISBN 978-7-121-40572-3:CNY58.00 |
| 本书将理论知识与实践案例紧密结合, 每章起始明确教学目标、学习目标、关键术语并有引导案例, 中间内容穿插了大量图、表与相关案例, 结尾进行小结, 设有案例分析与实践环节, 力求在体系结构上体系新颖性和系统性, 在内容上体现可读性和实用性。全书预计30万字。 |
| ● |
| 相关链接 |
|
|
|
正题名:薪酬管理
索取号:F272.923/G317
 
预约/预借
| 序号 | 登录号 | 条形码 | 馆藏地/架位号 | 状态 | 备注 |
| 1 | 1531222 | 215312221 | 社科库409/409社科库 91排2列5层/ [索取号:F272.923/G317] | 在馆 | |
| 2 | 1531223 | 215312230 | 社科库409/409社科库 91排2列5层/ [索取号:F272.923/G317] | 在馆 |